000 00684nam a2200241Ia 4500
005 20250425162609.0
008 250425s9999 xx 000 0 und d
020 _a9780123814203
041 _aeng
082 _a621.3822
100 _aWOODS, JOHN W.
245 0 _aMULTIDIMENSIONAL SIGNAL, IMAGE, AND VIDEO PROCESSING AND CODING
250 _a2ND ED.
260 _aAMSTERDAM
260 _aPaíses Bajos, Holanda
_bELSEVIER
_c2012
300 _a595
650 _aCOMPRESION DE VIDEO-NORMAS
650 _aPROCESAMIENTO DE IMAGEN-TECNICAS DIGITALES
650 _aPROCESAMIENTO DE SEÑALES-TECNICAS DIGITALES
650 _aVIDEO DIGITAL
942 _c01
010 _a88547
999 _c232520
_d232520